Baloncesto
Kaydedildi:
| Asıl Yazarlar: | , |
|---|---|
| Materyal Türü: | Kitap |
| Dil: | İspanyolca |
| Baskı/Yayın Bilgisi: |
Madrid
Augusto E. Pila Teleña
1981
|
| Konular: | |
| Etiketler: |
Etiketle
Etiket eklenmemiş, İlk siz ekleyin!
|
MARC
| LEADER | 00000nam a2200000 a 4500 | ||
|---|---|---|---|
| 001 | UCY9363 | ||
| 003 | CL-VaPUC | ||
| 008 | 950717e19810000SP |||||||||||||||||spa|d | ||
| 082 | 0 | 4 | |a 796.323 |b KIN |2 21 |
| 100 | 0 | |a King, George |e author |9 341472 | |
| 700 | 0 | |a Toney, Dave |e author |9 341473 | |
| 245 | 1 | 0 | |a Baloncesto |
| 300 | |a 76 p | ||
| 942 | |c BK | ||
| 945 | |d 19950717 00:00:00 |a mfernand | ||
| 260 | |a Madrid |b Augusto E. Pila Teleña |c 1981 | ||
| 650 | 7 | |a BASQUETBOL |2 CL-VaPUC |9 341474 | |
| 650 | 7 | |a JUEGOS DE PELOTA |2 CL-VaPUC |9 340284 | |
| 583 | |a last modification |c 19950717 00:00:00 |k Rodrigo Vera | ||
| 999 | |c 236474 |d 236472 | ||
| 952 | |0 0 |1 0 |4 0 |6 796_323000000000000_KIN_1981 |7 0 |8 P |9 244573 |a BIBEDU |b BIBEDU |c BIBEDU_PB |d 2019-11-18 |i 1533762 |o 796.323 KIN 1981 |p 1533762 |r 2024-01-25 |w 2019-11-18 |y BK |k EDU | ||